000 01463cam a22003977i 4500
001 21720256
003 OSt
005 20231025163301.0
008 200916t20212021mdua b 001 0 eng d
010 _a 2020946240
015 _aGBC0J7435
_2bnb
016 7 _a020041449
_2Uk
020 _a1538174135
035 _a(OCoLC)on1191235583
040 _aYDX
_beng
_erda
_cYDX
_dBDX
_dUKMGB
_dOCLCO
_dOCLCF
_dCDX
_dUAB
_dNGU
_dOCLCO
_dMNN
_dOCLCO
_dMNN
_dOCLCO
_dWS2
_dNMW
_dNNY
_dIAK
_dDLC
042 _alccopycat
043 _an-us---
050 0 0 _aE744.5
_b.G56 2022
245 0 0 _aGlobal media perceptions of the United States :
_bthe Trump effect /
_cedited by Yahya R. Kamalipour
264 1 _aLanham :
_bRowman & Littlefield,
_c2022
300 _axiii, 312 p :
336 _atext
_btxt
_2rdacontent
336 _astill image
_bsti
_2rdacontent
337 _aunmediated
_bn
_2rdamedia
338 _avolume
_bnc
_2rdacarrier
648 7 _a2000-2099
_2fast
650 7 _aPublic opinion.
_2fast
_0(OCoLC)fst01082785
651 0 _aUnited States
_xForeign public opinion
_xHistory
_y21st century.
651 6 _aÉtats-Unis
_xOpinion publique étrangère
_xHistoire
_y21e siècle.
651 7 _aUnited States.
_2fast
_0(OCoLC)fst01204155
655 7 _aHistory.
_2fast
_0(OCoLC)fst01411628
776 0 8 _iebook version :
_z9781538142431
906 _a7
_bcbc
_ccopycat
_d2
_encip
_f20
_gy-gencatlg
942 _2lcc
_cBK
999 _c20359
_d20358